000 00652nam a22002297a 4500
999 _c4302
_d4302
003 AR-CdUCM
008 190308b ||||| |||| 00| 0 spa d
020 _a966-16-1778-9
040 _aMUNICIPALIDAD PROVINCIAL DEL CUSCO
_cBIBLIOTECA MUNICIPAL DEL CUSCO
082 _a869.1 /
_bZ67
100 _aZepeda, Eraclio
_94326
245 _aBenzulul /
260 _aMexico :
_bFondo de Cultura Economica,
_c1984.
300 _a164 paginas ;
_bIlustraciones,
_c21cm.
440 _aLecturas Mexicanas
_n66
_913600
500 _aLecturas
650 _aLiteratura
_983
650 _aMexico
_918
650 _aNovela
_95
942 _2ddc
_cLIBROS
945 _apjha